Text and drugs and rock 'n' roll the beats and rock culture
Uloženo v:
| Hlavní autor: | |
|---|---|
| Médium: | Kniha |
| Jazyk: | angličtina |
| Vydáno: |
Bloomsbury Academic
2013
|
| Tagy: |
Přidat tag
Žádné tagy, Buďte první, kdo vytvoří štítek k tomuto záznamu!
|
MARC
| LEADER | 00000nam a22000007a 4500 | ||
|---|---|---|---|
| 008 | 231128b |||||||| |||| 00| 0 eng d | ||
| 020 | |a 9780826416643 | ||
| 100 | |a WARNER, Simon | ||
| 245 | |a Text and drugs and rock 'n' roll |b the beats and rock culture |c /Simon Warner |g xix,521p | ||
| 260 | |b Bloomsbury Academic |c 2013 |h London |i 700070 |l ML3849.W21 |m Music and literature |m Beats (persons) |m Rock music-20th century-History and criticism |m Authors, American -20th century |m American literature-20th century-History and criticism | ||
| 500 | |a it includes references and index | ||
| 942 | |a lcc |c BK |e Johnson |f 23/11/23 | ||
| 952 | |0 0 |1 0 |2 lcc |4 0 |6 ML3849 W21 |7 0 |9 4655 |a HOL |b HOL |c LP |d 2023-11-28 |l 0 |o ML3849.W21 |p 2023-0572 |r 2023-11-28 00:00:00 |t 700070 |w 2023-11-28 |y BK | ||
| 999 | |c 2333 |d 2333 | ||